The Holiness of St. Dominic - Part III (Record no. 656698)
[ view plain ]
| 000 -CABECERA | |
|---|---|
| Campo de control de longitud fija | 00455nab a2200145Ia 4500 |
| 003 - IDENTIFICADOR DEL NÚMERO DE CONTROL | |
| Campo de control | ES-SlBCS |
| 005 - FECHA Y HORA DE LA ÚLTIMA TRANSACCIÓN | |
| Campo de control | 20210601141205.0 |
| 008 - CÓDIGOS DE INFORMACIÓN DE LONGITUD FIJA | |
| Campo de control de longitud fija | 140529s1957 xxu||||| |||| 00| 0 spa d |
| 041 ## - CÓDIGO DE LENGUA | |
| Código de lengua del texto/banda sonora o título independiente | spa |
| 100 1# - PUNTO DE ACCESO PRINCIPAL-NOMBRE DE PERSONA | |
| Nombre de persona | Hoinacki, Ceslaus |
| 9 (RLIN) | 139019 |
| 245 04 - MENCIÓN DE TÍTULO | |
| Título | The Holiness of St. Dominic - Part III |
| Mención de responsabilidad, etc. | Ceslaus Hoinacki |
| 600 04 - PUNTO DE ACCESO ADICIONAL DE MATERIA-NOMBRE DE PERSONA | |
| Nombre personal | Domingo de Guzmán |
| Fechas asociadas con el nombre | , 1170-1221 |
| Títulos y otras palabras asociadas con el nombre | , Santo |
| 9 (RLIN) | 126559 |
| 773 0# - ENLACE AL DOCUMENTO FUENTE | |
| Título | Dominicana |
| Parte(s) relacionada(s) | vol. 42, nº. 3, 1957, págs. 233-243 |
| Número de control del registro relacionado | Rev1398 |
| 942 ## - ENTRADA DE ELEMENTOS AGREGADOS (KOHA) | |
| Koha [por defecto] tipo de item | Artículos de revista |
| Suprimido | Perdido | Estropeado | No para préstamo | Localización permanente | Localización actual | Localización en estantería | Fecha adquisición | Préstamos totales | Fecha última consulta | Fecha del precio de reemplazo | Tipo de item de Koha |
|---|---|---|---|---|---|---|---|---|---|---|---|
| San Esteban | San Esteban | Depósito de revistas | 11/07/2014 | 11/07/2014 | 11/07/2014 | Artículos de revista |
